Statistics for Glee Characters

Click here to take the quiz!

General Stats

  • This quiz has been taken 22,258 times
    (22,253 since last reset)
  • The average score is 13 of 17

Answer Stats

InitialsCharacter% Correct
FHFinn Hudson
95%
RBRachel Berry
95%
QFQuinn Fabray
94%
BPBrittany Pierce
90%
KHKurt Hummel
86%
SLSantana Lopez
86%
WSWill Schuester
85%
SSSue Sylvester
83%
AAArtie Abrams
81%
TCCTina Cohen-Chang
81%
MJMercedes Jones
78%
MCMike Chang
77%
NPNoah Puckerman "Puck"
76%
BABlaine Anderson
68%
EPEmma Pillsbury
64%
BHBurt Hummel
57%
TSTerri Schuester
44%

Score Distribution

Percentile by Number Answered

Percent of People with Each Score

Your Score History

You have not taken this quiz since the last reset